书目信息

书名: 现代内部审计案例 
作者: 刘大贤 李骞 主编
出版信息: 北京   群众出版社  2008.11
开本页数: 26cm  294页
丛书名:
单 册:
中图分类: F239
科图分类:
主题词: 内部审计
电子资源:
ISBN: 978-7-5014-4372-7
000 00777nam0 2200253 450
001 4828
005 20051221110324.35
010    @a978-7-5014-4372-7@dCNY56.00
100    @a20051211d2008 km y0chiy0120 ea
101 @achi
102    @aCN@b110000
105    @aa z 000y
106    @ar
200 @a现代内部审计案例@Axian dai nei bu shen ji an li@f刘大贤,李骞主编
210    @a北京@c群众出版社@d2008.11
215    @a294页@c图@d26cm
300    @a内部审计培训教材
330    @a本书主要内容包括:内部审计与案例、内部审计程序、内部审计技术、做好内部审计的关键、报表项目常见舞弊 问题内部审计案例等。
606 @a内部审计
690    @aF239@v4
701  0 @a刘大贤@Aliu da xian@4主编
701  0 @a李骞@Ali qian@4主编
801    @aCN@bBJHZ@c20091201
905    @dF239@e22
    
    现代内部审计案例/刘大贤,李骞主编.-北京:群众出版社,2008.11
    294页:图;26cm
    内部审计培训教材
    
    ISBN 978-7-5014-4372-7:CNY56.00
    本书主要内容包括:内部审计与案例、内部审计程序、内部审计技术、做好内部审计的关键、报表项目常见舞弊 问题内部审计案例等。
相关链接 在五车中查询图书 在当当中查询图书 在豆瓣中查询图书


正题名:现代内部审计案例     索取号:F239/22         预约/预借

序号 登录号 条形码 馆藏地/架位号 状态 备注
1 274153   300274153   柳城-5楼/4架15列2层/ [索取号:F239/22] 在馆    
2 274154   300274154   柳城密-1楼/11架7列2层/ [索取号:F239/22] 在馆    
3 274155   300274155   柳城-5楼/4架15列2层/ [索取号:F239/22] 在馆    
4 274156   300274156   柳城密-1楼/12架5列1层/ [索取号:F239/22] 在馆    
5 274157   300274157   柳城-5楼/4架15列2层/ [索取号:F239/22] 在馆